00733nam a2200169 a 450000100100000000500170001000800410002704000250006824500830009326000400017630000270021670000280024371000590027195201050033095201110043599900170054600003873720201002031343.0130419s1997 dr 000 0 spa d aDO-SdBNPbspacBNPHU00aEstadísticas seleccionadas del sector turístico 1997 /ceditor Julio Moya. aSanto Domingo :bASONAHORES,c1997. a74 p. :bil. ;c29 cm.1 aMoya, Julioeed.9566572 aAsociación Nacional de Hoteles y Restaurantes956658 0010718PDaPDbPDcHDd2013-04-19iLF1l0o p38737-10r2020-06-25w2020-06-25yLFPDZNo se presta 0010718PDaPDbPDcHDd2014-02-24iLF1l0o p38737-20r2020-06-25te. 2w2020-06-25yLFPDZNo se presta c38227d38227